01181nas a2200337 4500001001300000003000900013005001700022007000300039008003400042040005400076041000900130072000800139100002300147100002000170100002100190100001500211100002300226100002100249245007800270650001400348650000900362650001100371650002200382650002500404773011200429856006700541909004000608942001800648999001900666952015800685BR2016003293BR-BrBNA20231205130508.0ta230509b bl.|||p| |||| 00| 00por d aBR-BrBNAbporcBiblioteca Nacional de Agricultura a(Pt) aK101 aFreitas, T.A.S. de1 aFonseca, M.D.S.1 aSouza, S.S.M. de1 aLima, T.M.1 aMendonça, A.V.R.1 aSantos, A.P. dos1 aCrescimento e ciclo de produção de mudas de Eucalyptus em recipientes aEUCALIPTO aMUDA aTUBETE aVIVEIRO FLORESTAL aPRODUÇÃO VEGETAL0 tPesquisa Florestal Brasileira (Brazil)xISSN 1983-2605 g(Oct-Dec 2013), v. 33(76) p. 419-428wBR201600329340uhttp://pfb.cnpf.embrapa.br/pfb/index.php/pfb/article/view/575  a202311bLúciac55dLúcia Elande 2AGRISn0cANA c249753d249753 002AGRIS4071a41918b41918cPeriódicos Agrícolash(Oct-Dec 2013), v. 33(76) p. 419-428l0r2023-11-29t01yCRePortaria Interministerial nº 164/94